K problematike medzinárodného daňového plánovania

Pojem daňové plánovanie. Princípy daňovej optimalizácie. Techniky daňového plánovania. Daňové raje a offshore spoločnosti. História daňových rajov.

Guardado en:
Detalles Bibliográficos
Autor principal: Simonidesová, Jana, 1968-
Formato: Capítulo de libro
Lenguaje:eslovaco
Materias:
Etiquetas: Agregar Etiqueta
Sin Etiquetas, Sea el primero en etiquetar este registro!

MARC

LEADER 00000naa a2200000 4500
001 r049548
005 20230808082247.5
041 0 |a slo 
044 |a SK 
245 1 0 |a K problematike medzinárodného daňového plánovania  |c Jana Simonidesová 
520 |a Pojem daňové plánovanie. Princípy daňovej optimalizácie. Techniky daňového plánovania. Daňové raje a offshore spoločnosti. História daňových rajov. 
610 2 0 |a plánovanie 
610 2 0 |a optimalizácia daňová 
610 2 0 |a offshore 
610 2 0 |a spolupráca hospodárska medzinárodná 
610 2 0 |a aproximácia práva 
610 2 0 |a história 
100 1 |a Simonidesová, Jana, 1968-